Sports Quiz

Random Sports or Clickable Quiz

NBA #3 draft picks who won a championship Quiz Stats

 Plays Quiz not verified by Sporcle

Score 0/15 Timer 05:00
0 Plays Today
% Correct
Michael Jordan
74.5%
Chauncey Billups
69.1%
Pau Gasol
61.8%
Kevin McHale
58.2%
Bob Cousy
58.2%
Bill Cartwright
54.5%
Sean Elliott
49.1%
Adam Morrison
34.5%
% Correct
Rodney McCray
16.4%
Larry Siegfried
16.4%
Jim Loscutoff
16.4%
Lucius Allen
14.5%
Dave Stallworth
12.7%
Rick Robey
10.9%
Dennis Hopson
3.6%

You're not logged in!

Compare scores with friends on all Sporcle quizzes.
OR
Log In

Sporcle TV

Today on Sporcle TV


Watch our educational content, quiz creation guides, and fun videos on Sporcle TV.

Show Comments

Extras

Created Aug 17, 2016ReportNominate
Tags:Clickable Quiz, NBA Quiz, draft, won

Top Quizzes Today


Score Distribution

Your Account Isn't Verified!

In order to create a playlist on Sporcle, you need to verify the email address you used during registration. Go to your Sporcle Settings to finish the process.

Report this User

Report this user for behavior that violates our Community Guidelines.

Details: